Random Knowledge Quiz #72 - End of 2024 edition - Statistics

General Stats
  • This quiz has been taken 107 times
  • The average score is 7 of 15
Answer Stats
Question Answer % Correct
In the failed assassination attempt, what part of Donald Trump's body was injured? His ear
92%
By end of December 2024, who was the richest person in the world? Elon Musk
88%
In which Olympic event did Rachael Gunn or "Raygun" spark controversy due to her performance? Breakdancing
58%
What country did the pole vaulter Armand 'Mondo' Duplantis represent in the Paris Olympics? Sweden
58%
Fill in these lyrics: It's time to try defying ________ / I think I'll try defying ________ / And you can't pull me down Gravity
56%
What animal did Taylor Swift pose with in support of Kamala Harris? A cat
51%
In the song released in 2024, a girl is looking for a man in finance, trust fund, 6'5, and... what? Blue eyes
48%
In which country was abortion granted constitutional protection in March 2024? France
47%
Which animal's population in Thailand's western forests was reported to have more than doubled over the past two decades? Tiger
42%
Name one of the two countries that elected their first ever female president in 2024. Mexico and Namibia
38%
Which country won the European Song Contest 2024? Switzerland
29%
Cameroon became the first country to start routine vaccinations against which desease? Malaria
25%
Which TV show's season 3 main couple's "ship name" is Polin? Bridgerton
22%
Which movie released in 2024 became the highest grossing R-rated movie of all time? Deadpool & Wolverine
20%
What 2024 trend encourages people to live "dirty, hedonistic, happy and bra-less" Brat Summer
14%
No matching quizzes found
Score Distribution
Percent of People with Each Score
Percentile by Number Answered
Your Score History
You have not taken this quiz